[Event "ICS rated blitz match"]
[Site "204.178.125.65"]
[Date "2001.01.30"]
[Round "?"]
[White "Hossa"]
[Black "PostModernist"]
[Result "1-0"]
[WhiteElo "2684"]
[BlackElo "2583"]
[PlyCount "165"]
[EventDate "2001.??.??"]

1. e4 e6 2. d4 d5 3. Nc3 dxe4 4. Nxe4 c5 5. dxc5 Qxd1+ 6. Kxd1 Nf6 7. Nxf6+
gxf6 8. Be3 Nc6 9. Nf3 Bd7 10. Kc1 O-O-O 11. Bc4 Kb8 12. Rd1 Rg8 13. g3 Be7 14.
c3 Rh8 15. b3 Na5 16. Bf4+ Ka8 17. Bc7 Nxc4 18. Bxd8 Rxd8 19. bxc4 Bxc5 20. Kb2
Bb6 21. Rd2 Ba4 22. Rxd8+ Bxd8 23. Nd4 Be7 24. Rb1 b6 25. h3 Bc5 26. Rf1 Kb7
27. Nb3 Be7 28. f4 Bc6 29. Nd4 Ba4 30. Rf2 a6 31. Rd2 Bf8 32. a3 Be7 33. Nc2 f5
34. Nd4 h6 35. Nf3 Be8 36. Kb3 h5 37. a4 Kc7 38. Ra2 a5 39. Nd4 Bc6 40. Nb5+
Kd7 41. Rd2+ Kc8 42. Nd6+ Bxd6 43. Rxd6 Kc7 44. Rd2 f6 45. Re2 Kd6 46. Rf2 Be4
47. Rd2+ Kc5 48. Rd8 Bb7 49. Rf8 Ba6 50. Rxf6 Bxc4+ 51. Kb2 Kd5 52. Rh6 Be2 53.
Kc2 Kd6 54. Rh8 Bf3 55. Kb3 Bd1+ 56. Ka3 Bf3 57. Rd8+ Kc5 58. Re8 Kd6 59. h4
Kd7 60. Rb8 Kc7 61. Rh8 Kd7 62. c4 Bd1 63. c5 bxc5 64. Ra8 c4 65. Rxa5 c3 66.
Rc5 c2 67. a5 Kd6 68. Kb4 Be2 69. Rxc2 Ba6 70. Rd2+ Kc6 71. Rd1 Bb7 72. Re1 Kd6
73. Kb5 Bf3 74. Kb6 Ba8 75. Rd1+ Ke7 76. a6 Bf3 77. a7 Be4 78. Rc1 Kd6 79. Rc8
Bf3 80. Rd8+ Ke7 81. Rb8 e5 82. fxe5 Ke6 83. Rb7 {PostModernist resigns} 1-0

[Event "ICS rated blitz match"]
[Site "204.178.125.65"]
[Date "2001.01.30"]
[Round "?"]
[White "PostModernist"]
[Black "Hossa"]
[Result "1-0"]
[WhiteElo "2572"]
[BlackElo "2695"]
[PlyCount "93"]
[EventDate "2001.??.??"]

1. e4 e6 2. d4 d5 3. Nc3 Bb4 4. e5 Ne7 5. Qg4 Ng6 6. Bd2 c5 7. dxc5 Nc6 8. f4
Bxc5 9. Nf3 O-O 10. Bd3 Bd7 11. O-O-O Nb4 12. Bxg6 fxg6 13. h4 Qc7 14. a3 Nc6
15. h5 g5 16. h6 g6 17. Nxg5 Nd4 18. Kb1 b5 19. Be3 Nf5 20. Bxc5 Qxc5 21. Qf3
Rac8 22. g4 Ne3 23. Rd3 Nc4 24. Qg3 Nb6 25. Rf1 b4 26. axb4 Qxb4 27. Na2 Qa4
28. Rf2 Rc7 29. f5 exf5 30. e6 f4 31. exd7 Rxd7 32. Ne6 Rdf7 33. Qf3 Re8 34.
Rd4 Qa5 35. b4 Qa4 36. Rxf4 Rxe6 37. Qc3 d4 38. Rxf7 Qe8 39. Rg7+ Kh8 40. Qxd4
Re1+ 41. Nc1 Rxc1+ 42. Kxc1 Qe1+ 43. Kb2 Na4+ 44. Ka3 Qc1+ 45. Kxa4 Qxc2+ 46.
Rxc2 a6 47. Qd8# {Hossa checkmated} 1-0

[Event "ICS rated blitz match"]
[Site "204.178.125.65"]
[Date "2001.01.30"]
[Round "?"]
[White "Hossa"]
[Black "ChesterX"]
[Result "0-1"]
[WhiteElo "2674"]
[BlackElo "2668"]
[PlyCount "144"]
[EventDate "2001.??.??"]

1. d4 d5 2. c4 e6 3. Nc3 c6 4. Nf3 Nf6 5. cxd5 exd5 6. Bf4 Nbd7 7. e3 Nh5 8.
Bg5 Qb6 9. Rb1 Bb4 10. a3 Bd6 11. Bd3 Ndf6 12. Bh4 h6 13. O-O O-O 14. e4 dxe4
15. Nxe4 Nxe4 16. Bxe4 Re8 17. Qc2 g5 18. Bh7+ Kg7 19. Bg3 Nxg3 20. fxg3 g4 21.
Nd2 Qxd4+ 22. Kh1 Be6 23. Ne4 Be5 24. Bf5 Qc4 25. Qf2 Bd5 26. b3 Qa6 27. a4 Qb6
28. Nc5 h5 29. b4 Rad8 30. Bd3 Qc7 31. Qf5 b6 32. Na6 Qd6 33. Qh7+ Kf8 34. Rbd1
Qe7 35. Qxh5 Bb3 36. Rd2 Rxd3 37. Rxd3 Bc4 38. Qf5 Bxa6 39. b5 Bc8 40. Qg6 cxb5
41. axb5 Be6 42. Qh6+ Kg8 43. Rdd1 Bg7 44. Qf4 Qc5 45. Qa4 Bc4 46. Rf4 Bxb5 47.
Qxa7 Qd5 48. Rg1 Qe6 49. Qb7 Bh6 50. Rf2 Be3 51. Re1 Bxf2 52. Rxe6 Rxe6 53.
Qc8+ Be8 54. h3 Bxg3 55. Qc1 Re1+ 56. Qxe1 Bxe1 57. Kg1 g3 58. h4 Bf2+ 59. Kh1
Bc6 60. h5 Kh7 61. h6 Bg1 62. Kxg1 Bxg2 63. Kxg2 b5 64. Kf3 b4 65. Kf4 g2 66.
Ke3 g1=Q+ 67. Ke4 b3 68. Kd3 b2 69. Kc3 b1=Q 70. Kc4 Qe3 71. Kd5 Qb5+ 72. Kd6
Qec5# {Hossa checkmated} 0-1

[Event "ICS rated blitz match"]
[Site "204.178.125.65"]
[Date "2001.01.30"]
[Round "?"]
[White "MManik"]
[Black "Hossa"]
[Result "0-1"]
[WhiteElo "2490"]
[BlackElo "2658"]
[PlyCount "50"]
[EventDate "2001.??.??"]

1. e4 c6 2. d4 d5 3. Nc3 dxe4 4. Nxe4 Nd7 5. Bc4 Ngf6 6. Ng5 e6 7. Qe2 Nb6 8.
Bb3 h6 9. N5f3 a5 10. a3 Bd6 11. Ne5 a4 12. Ba2 O-O 13. Ngf3 Qc7 14. O-O Rd8
15. h3 c5 16. dxc5 Bxc5 17. c3 Ra6 18. Be3 Bxe3 19. Qxe3 Nbd5 20. Qe2 Rad6 21.
Rad1 Nf4 22. Qc2 b5 23. Rxd6 Rxd6 24. Rd1 Bb7 25. Rxd6 Qxd6 {MManik resigns}
0-1

[Event "ICS rated blitz match"]
[Site "204.178.125.65"]
[Date "2001.01.30"]
[Round "?"]
[White "fjolset"]
[Black "Hossa"]
[Result "0-1"]
[WhiteElo "2037"]
[BlackElo "2667"]
[PlyCount "62"]
[EventDate "2001.??.??"]

1. d4 d5 2. e3 Nf6 3. Bd3 c5 4. c3 Nc6 5. f4 e6 6. Nh3 Bd7 7. O-O c4 8. Bc2 Bd6
9. Nd2 b5 10. a3 h6 11. Qf3 Qc7 12. Kh1 g6 13. Rg1 a5 14. Rf1 O-O 15. Rg1 b4
16. g4 bxc3 17. bxc3 Ne7 18. g5 hxg5 19. Nxg5 Rfb8 20. Qg3 a4 21. Nxf7 Kxf7 22.
Bxg6+ Kf8 23. Nf3 Nc6 24. Ne5 Ke7 25. Qg5 Rg8 26. Ng4 Raf8 27. Bd2 Be8 28. f5
exf5 29. Qxf5 Bxg6 30. Nxf6 Bxf5 31. Nxg8+ Ke6 {fjolset resigns} 0-1

[Event "ICS rated blitz match"]
[Site "204.178.125.65"]
[Date "2001.01.30"]
[Round "?"]
[White "Hossa"]
[Black "uncleez"]
[Result "1-0"]
[WhiteElo "2668"]
[BlackElo "1904"]
[PlyCount "39"]
[EventDate "2001.??.??"]

1. d4 e6 2. c4 d5 3. Nc3 c6 4. e3 f5 5. cxd5 exd5 6. Bd3 Nf6 7. Qc2 Ne4 8. Nf3
Bd6 9. b3 O-O 10. Bb2 Nd7 11. a3 Qe8 12. O-O Qh5 13. Be2 Qh6 14. Rab1 Ndf6 15.
Ne5 Nxc3 16. Qxc3 Ne4 17. Qd3 Bxe5 18. dxe5 f4 19. exf4 Rxf4 20. Bc1 {
uncleez resigns} 1-0

[Event "ICS rated blitz match"]
[Site "204.178.125.65"]
[Date "2001.01.30"]
[Round "?"]
[White "uncleez"]
[Black "Hossa"]
[Result "0-1"]
[WhiteElo "1904"]
[BlackElo "2668"]
[PlyCount "34"]
[EventDate "2001.??.??"]

1. e4 e6 2. d4 d5 3. e5 Nc6 4. c3 f6 5. f4 fxe5 6. fxe5 Qh4+ 7. g3 Qe4+ 8. Qe2
Qxh1 9. Nf3 g6 10. Bg5 Bh6 11. Bxh6 Nxh6 12. Nbd2 g5 13. O-O-O g4 14. Nh4 O-O
15. Bg2 Qxh2 16. Qe3 Nf5 17. Nxf5 Rxf5 {uncleez resigns} 0-1

[Event "ICS rated blitz match"]
[Site "204.178.125.65"]
[Date "2001.01.31"]
[Round "?"]
[White "Hossa"]
[Black "uncleez"]
[Result "1-0"]
[WhiteElo "2668"]
[BlackElo "1904"]
[PlyCount "35"]
[EventDate "2001.??.??"]

1. e4 c5 2. Nc3 Nc6 3. Nge2 e5 4. Ng3 d6 5. Be2 g6 6. d3 Bg7 7. f4 Nge7 8. fxe5
dxe5 9. Be3 Nd4 10. O-O O-O 11. Bf3 Be6 12. Rc1 Rb8 13. Qd2 b5 14. Bg5 f6 15.
Be3 b4 16. Nce2 Bxa2 17. b3 Bxb3 18. Bxd4 {uncleez resigns} 1-0

[Event "ICS rated blitz match"]
[Site "204.178.125.65"]
[Date "2001.01.31"]
[Round "?"]
[White "Hossa"]
[Black "uncleez"]
[Result "1-0"]
[WhiteElo "2668"]
[BlackElo "1904"]
[PlyCount "37"]
[EventDate "2001.??.??"]

1. e4 c5 2. Nc3 e6 3. f4 a6 4. Nf3 Nc6 5. Be2 Nge7 6. O-O d6 7. Kh1 Nd4 8. d3
Nec6 9. f5 e5 10. Nxd4 cxd4 11. Nd5 Ne7 12. Bg5 f6 13. Nxf6+ gxf6 14. Bxf6 Rg8
15. Bh5+ Kd7 16. Bf7 Bh6 17. Be6+ Kc7 18. Bxg8 Qxg8 19. Bxe7 {uncleez resigns}
1-0

[Event "ICS rated blitz match"]
[Site "204.178.125.65"]
[Date "2001.01.31"]
[Round "?"]
[White "uncleez"]
[Black "Hossa"]
[Result "1-0"]
[WhiteElo "1904"]
[BlackElo "2668"]
[PlyCount "67"]
[EventDate "2001.??.??"]

1. d4 d5 2. e3 Nf6 3. Bd3 c5 4. c3 Nc6 5. f4 e6 6. Nf3 Bd7 7. O-O c4 8. Bc2 Bd6
9. Nbd2 Ne7 10. Ne5 Bb5 11. e4 Bc7 12. Qe1 O-O 13. exd5 exd5 14. Ndf3 Bd6 15.
f5 Nc6 16. Bg5 Re8 17. Qg3 Be7 18. Qh4 Qc7 19. Rae1 Rac8 20. Qh3 Ba6 21. Bxf6
Bxf6 22. Nxc6 bxc6 23. g4 Qb6 24. g5 Qxb2 25. gxf6 Qxc2 26. Qg4 g6 27. Ne5 h5
28. Qg5 Re6 29. fxg6 fxg6 30. Qh6 Rxf6 31. Rxf6 Re8 32. Rxg6+ Qxg6+ 33. Qxg6+
Kf8 34. Qf7# {Hossa checkmated} 1-0

[Event "ICS rated blitz match"]
[Site "204.178.125.65"]
[Date "2001.01.31"]
[Round "?"]
[White "Hossa"]
[Black "gringo"]
[Result "1-0"]
[WhiteElo "2636"]
[BlackElo "1993"]
[PlyCount "33"]
[EventDate "2001.??.??"]

1. e4 c5 2. Nc3 Nc6 3. Nge2 e6 4. d4 cxd4 5. Nxd4 d5 6. Bb5 Nge7 7. exd5 exd5
8. O-O Be6 9. Re1 Qd7 10. Bg5 a6 11. Ba4 b5 12. Ncxb5 axb5 13. Bxb5 Rc8 14. Qd3
h6 15. Bxe7 Bxe7 16. Rxe6 fxe6 17. Qg6+ {gringo resigns} 1-0

[Event "ICS rated blitz match"]
[Site "204.178.125.65"]
[Date "2001.01.31"]
[Round "?"]
[White "pokemonster"]
[Black "Hossa"]
[Result "1-0"]
[WhiteElo "2513"]
[BlackElo "2637"]
[PlyCount "93"]
[EventDate "2001.??.??"]

1. e3 d5 2. d4 Nf6 3. Nd2 e6 4. c3 c5 5. Bd3 c4 6. Bc2 Bd6 7. f4 b5 8. Ngf3 b4
9. O-O Bb7 10. Ne5 Nbd7 11. Qf3 Qc7 12. Qg3 g6 13. Qh3 bxc3 14. bxc3 Nb6 15.
Ndf3 h5 16. Ng5 O-O 17. a4 a5 18. Ba3 Bxa3 19. Rxa3 Qe7 20. Raa1 Ne4 21. Bxe4
dxe4 22. g4 Nd7 23. gxh5 Nxe5 24. dxe5 Bd5 25. Rf2 f6 26. exf6 Rxf6 27. Rg2 Re8
28. Kh1 Bc6 29. Rag1 e5 30. hxg6 Qg7 31. f5 Qh8 32. Qg4 Bxa4 33. Nh7 Rd6 34. f6
Rxf6 35. Nxf6+ Qxf6 36. g7 Qh6 37. Rf2 Bc6 38. Qf5 Qf4 39. Rxf4 exf4 40. Qxf4
Bd5 41. Rf1 Kh7 42. Qf8 Bg8 43. Qxe8 Kxg7 44. Qe7+ Kh6 45. Qf6+ Kh7 46. Rg1 a4
47. Qg7# {Hossa checkmated} 1-0

[Event "ICS rated blitz match"]
[Site "204.178.125.65"]
[Date "2001.01.31"]
[Round "?"]
[White "Hossa"]
[Black "Aegis"]
[Result "1/2-1/2"]
[WhiteElo "2616"]
[BlackElo "2782"]
[PlyCount "175"]
[EventDate "2001.??.??"]

1. e4 c5 2. Nc3 e6 3. f4 d5 4. Bb5+ Nc6 5. Nf3 Nf6 6. Ne5 Qc7 7. Qf3 a6 8. exd5
exd5 9. Nxc6 axb5 10. Ne5 Be7 11. Nxb5 Qb6 12. a4 c4 13. b3 cxb3 14. cxb3 O-O
15. Ba3 Bxa3 16. Rxa3 Ne4 17. Qe3 Qd8 18. O-O f6 19. Nf3 Bd7 20. Nc3 Re8 21.
Qd3 Bg4 22. Qxd5+ Qxd5 23. Nxd5 Rad8 24. Nb4 Nxd2 25. Nxd2 Rxd2 26. Ra2 Ree2
27. Rxd2 Rxd2 28. Re1 Rd1 29. Rxd1 Bxd1 30. Nd3 Bxb3 31. Nc5 Bd5 32. Kf2 Kf7
33. g4 Ke7 34. Ke3 f5 35. gxf5 Kf6 36. Ne4+ Kxf5 37. Nd6+ Ke6 38. Nb5 Bg2 39.
a5 Bc6 40. Nd4+ Kd5 41. h4 Bd7 42. Kd3 Kc5 43. Kc3 h5 44. Nb3+ Kb5 45. Kd4 g6
46. Ke5 Kb4 47. Nd4 Kxa5 48. Kf6 Kb4 49. Kxg6 Kc4 50. Nf3 Bg4 51. Nh2 b5 52. f5
b4 53. f6 Be6 54. Nf3 Kc3 55. Ng5 Bd5 56. f7 Bxf7+ 57. Kxf7 Kd3 58. Ne6 b3 59.
Nc5+ Ke2 60. Nxb3 Kf3 61. Nd4+ Kg4 62. Kg6 Kxh4 63. Nf3+ Kg4 64. Nh2+ Kh4 65.
Kf5 Kg3 66. Nf1+ Kf2 67. Nd2 Ke1 68. Nf3+ Kd1 69. Nh4 Kc1 70. Ke4 Kb1 71. Kf3
Ka1 72. Kg2 Kb1 73. Kh1 Ka1 74. Kh2 Kb1 75. Kg2 Ka1 76. Kh1 Kb1 77. Kh2 Ka1 78.
Kg1 Kb1 79. Kf2 Ka1 80. Kg3 Kb1 81. Kh3 Ka1 82. Ng2 Kb1 83. Ne1 Ka1 84. Nf3 Kb1
85. Ng1 Ka1 86. Ne2 Kb1 87. Ng3 Ka1 88. Nxh5 {
Game drawn because neither player has mating material} 1/2-1/2

[Event "ICS rated blitz match"]
[Site "204.178.125.65"]
[Date "2001.01.31"]
[Round "?"]
[White "Hossa"]
[Black "krahs2"]
[Result "1-0"]
[WhiteElo "2621"]
[BlackElo "2012"]
[PlyCount "77"]
[EventDate "2001.??.??"]

1. e4 e5 2. Nf3 Nc6 3. Bb5 Bc5 4. d3 Nf6 5. O-O d6 6. d4 exd4 7. Bxc6+ bxc6 8.
Nxd4 O-O 9. b4 Bb6 10. Bg5 h6 11. Nxc6 Qe8 12. Bxf6 Qxc6 13. Bc3 Qxe4 14. Nd2
Qg6 15. Rc1 Bb7 16. Nf3 Rfe8 17. a4 a5 18. bxa5 Bxa5 19. Nh4 Qg5 20. Bxa5 Rxa5
21. Rb1 Ba8 22. Re1 Rf8 23. Rb4 c5 24. Rg4 Qf6 25. Qa1 Qxa1 26. Rxa1 Re8 27.
Nf5 g6 28. Nxd6 Re2 29. Rc1 Bd5 30. f3 Be6 31. Re4 Rxe4 32. Nxe4 c4 33. Nc3 Kf8
34. Kf2 Bd7 35. Ke3 Ra8 36. Ra1 Ra5 37. Kd4 Be6 38. Ne4 Ke7 39. Nc5 {
krahs2 resigns} 1-0

[Event "ICS Rated standard match"]
[Site "204.178.125.65"]
[Date "2001.01.31"]
[Round "?"]
[White "Hossa"]
[Black "Angelique14"]
[Result "1-0"]
[WhiteElo "2367"]
[BlackElo "2141"]
[PlyCount "63"]
[EventDate "2001.??.??"]

1. Nf3 e6 2. d4 d5 3. Bg5 Be7 4. Bxe7 Nxe7 5. e3 O-O 6. Bd3 Nd7 7. c3 c5 8. O-O
c4 9. Bc2 b5 10. a4 Qa5 11. Na3 b4 12. cxb4 Qxb4 13. Qc1 Ba6 14. Ng5 Nf6 15.
Ra2 Nc6 16. Qb1 Na5 17. Nxh7 Nxh7 18. Bxh7+ Kh8 19. Bc2 Nb3 20. Qd1 g6 21. Nb1
Kg7 22. Qg4 Rh8 23. h3 Rab8 24. Qg3 Nd2 25. Qe5+ Kh7 26. Qf6 Rb7 27. Nxd2 Qxd2
28. b3 Qb4 29. Rb1 c3 30. f4 Rc8 31. f5 exf5 32. Qxa6 {Angelique14 resigns} 1-0

[Event "ICS rated blitz match"]
[Site "204.178.125.65"]
[Date "2001.01.31"]
[Round "?"]
[White "Aegis"]
[Black "Hossa"]
[Result "1-0"]
[WhiteElo "2776"]
[BlackElo "2622"]
[PlyCount "143"]
[EventDate "2001.??.??"]

1. d4 d5 2. c4 e6 3. Nc3 Be7 4. Nf3 Nf6 5. Bg5 O-O 6. e3 Nc6 7. Rc1 Kh8 8. cxd5
exd5 9. Bb5 a6 10. Bxc6 bxc6 11. Ne5 Bb7 12. O-O Nd7 13. Bxe7 Qxe7 14. Nxd7
Qxd7 15. e4 Rab8 16. Re1 Rfe8 17. Qd2 Qg4 18. f3 Qh4 19. e5 Re6 20. Qf2 Qh5 21.
Ne2 Rh6 22. Qg3 Ba8 23. Rc2 Qf5 24. Rec1 Kg8 25. Qf4 Qe6 26. Ng3 Rg6 27. Qf5
Qe7 28. Qf4 Qe6 29. Qf5 Qe7 30. Rd1 Bb7 31. Qf4 Bc8 32. Rdd2 Rb4 33. a3 Rb3 34.
Rc1 Rh6 35. Rdc2 Qe8 36. Rb1 Qf8 37. Rf1 Qd8 38. Ne2 a5 39. Nc1 Rb6 40. Nd3 Rh4
41. Qe3 Bf5 42. Rfc1 Rh6 43. Rd2 Bxd3 44. Qxd3 Qh4 45. g3 Qh3 46. Rc5 a4 47.
Ra5 Rb8 48. Rxa4 f6 49. Re2 fxe5 50. dxe5 Rf8 51. Ra7 Qd7 52. a4 Qd8 53. f4 Rg6
54. Qd4 Qe7 55. a5 Rh6 56. a6 Rd8 57. b4 Qf7 58. Rb7 Qh5 59. Qd3 Rc8 60. e6 Rf6
61. e7 Qe8 62. a7 Kf7 63. Qxh7 Rd6 64. Qf5+ Rf6 65. Qxc8 Qxc8 66. Rxc7 Qe8 67.
a8=Q Qxe7 68. Rexe7+ Kg6 69. Qe8+ Rf7 70. Rxf7 Kh6 71. Rxg7 c5 72. Qg6# {
Hossa checkmated} 1-0

[Event "ICS rated blitz match"]
[Site "204.178.125.65"]
[Date "2001.01.31"]
[Round "?"]
[White "Hossa"]
[Black "PostModernist"]
[Result "1/2-1/2"]
[WhiteElo "2613"]
[BlackElo "2488"]
[PlyCount "116"]
[EventDate "2001.??.??"]

1. e4 e6 2. d4 d5 3. Nc3 dxe4 4. Nxe4 c5 5. dxc5 Qxd1+ 6. Kxd1 Nf6 7. Nxf6+
gxf6 8. Be3 Nc6 9. Nf3 Bd7 10. Kc1 Nb4 11. Bc4 O-O-O 12. c3 Nc6 13. Rd1 Be7 14.
Kc2 Rhg8 15. g3 Na5 16. Bd3 Rh8 17. b3 Kb8 18. Nd4 Rc8 19. Bb5 Bxb5 20. Nxb5
Bxc5 21. Rd7 Bxe3 22. fxe3 Rhf8 23. Nd6 Rc7 24. Rxc7 Kxc7 25. Ne4 f5 26. Nf6
Kd6 27. Rh1 h6 28. Rd1+ Ke7 29. Nd7 Rd8 30. Ne5 Rxd1 31. Kxd1 f6 32. Nd3 Nc6
33. h3 Kd6 34. c4 Ne5 35. Ke2 b6 36. Nxe5 fxe5 37. b4 e4 38. Kd2 Kc6 39. a4 e5
40. Kc2 a5 41. bxa5 bxa5 42. Kb3 Kc5 43. Kc3 h5 44. Kb3 f4 45. gxf4 exf4 46.
exf4 Kd4 47. c5 Kxc5 48. Kc3 Kd5 49. Kd2 Kd4 50. Ke2 h4 51. Kf2 e3+ 52. Ke2 Ke4
53. f5 Kxf5 54. Kxe3 Ke5 55. Kf3 Kf5 56. Ke3 Ke5 57. Kf3 Kf5 58. Ke3 Ke5 {
Game drawn by repetition} 1/2-1/2

[Event "ICS rated blitz match"]
[Site "204.178.125.65"]
[Date "2001.01.31"]
[Round "?"]
[White "Aegis"]
[Black "Hossa"]
[Result "1/2-1/2"]
[WhiteElo "2773"]
[BlackElo "2607"]
[PlyCount "70"]
[EventDate "2001.??.??"]

1. d4 d5 2. c4 e6 3. Nc3 c6 4. Nf3 Nf6 5. Bg5 dxc4 6. e4 b5 7. e5 h6 8. Bh4 g5
9. Nxg5 hxg5 10. Bxg5 Be7 11. exf6 Bxf6 12. Bxf6 Qxf6 13. g3 Bb7 14. Bg2 Qe7
15. Qe2 Na6 16. h4 O-O-O 17. O-O-O Nb4 18. Kb1 Nd3 19. h5 Rxd4 20. h6 Rd7 21.
Qe3 c5 22. Bxb7+ Rxb7 23. Rd2 b4 24. Nd1 Qf6 25. Rh4 Qg6 26. Ka1 Rd7 27. Rxc4
Rxh6 28. Rxc5+ Nxc5 29. Qxc5+ Rc7 30. Qf8+ Kb7 31. Qxb4+ Kc8 32. Qf8+ Kb7 33.
Qb4+ Kc8 34. Qf8+ Kb7 35. Qb4+ Kc8 {Game drawn by repetition} 1/2-1/2

[Event "ICS rated blitz match"]
[Site "204.178.125.65"]
[Date "2001.01.31"]
[Round "?"]
[White "Hossa"]
[Black "CerealKiller"]
[Result "0-1"]
[WhiteElo "2615"]
[BlackElo "1970"]
[PlyCount "86"]
[EventDate "2001.??.??"]

1. e4 e5 2. Nf3 Nc6 3. Bb5 f5 4. Nc3 Nd4 5. Bc4 Nf6 6. Nxe5 d5 7. exd5 Bd6 8.
f4 O-O 9. O-O Kh8 10. Re1 Ng4 11. h3 Qh4 12. hxg4 fxg4 13. Re4 Bc5 14. Re3 g3
15. Nf3 Nxf3+ 16. Qxf3 Bg4 17. Qxg4 Qxg4 18. Be2 Qh4 19. Bf3 Rxf4 20. d4 Bxd4
21. Kf1 Bxe3 22. Bxe3 Rxf3+ 23. Ke2 Rxe3+ 24. Kxe3 Re8+ 25. Kd3 Qf4 26. Nd1 b5
27. b3 Qe5 28. c4 Qxa1 29. Ne3 bxc4+ 30. Nxc4 Qd1+ 31. Kc3 Qxd5 32. a3 a5 33.
a4 Qxg2 34. Nxa5 Qf3+ 35. Kb2 g2 36. Ka3 g1=Q 37. Kb4 Re5 38. Nb7 Qgg3 39. Nc5
Qgf4+ 40. Ne4 Q3xe4+ 41. Ka3 Qb4+ 42. Kb2 Re2+ 43. Kb1 Qf1# {Hossa checkmated}
0-1

[Event "ICS rated blitz match"]
[Site "204.178.125.65"]
[Date "2001.01.31"]
[Round "?"]
[White "peteleco"]
[Black "Hossa"]
[Result "0-1"]
[WhiteElo "2095"]
[BlackElo "2584"]
[PlyCount "34"]
[EventDate "2001.??.??"]

1. d4 d5 2. c4 c6 3. Nf3 Nf6 4. Nc3 dxc4 5. a4 Bf5 6. Ne5 e6 7. f3 Bb4 8. e4
Bxe4 9. fxe4 Nxe4 10. Bd2 Qxd4 11. Nxe4 Qxe4+ 12. Qe2 Bxd2+ 13. Kxd2 Qd5+ 14.
Kc2 Na6 15. Nxc4 O-O 16. Rd1 Qf5+ 17. Qd3 Nb4+ {peteleco resigns} 0-1

[Event "ICS rated blitz match"]
[Site "204.178.125.65"]
[Date "2001.01.31"]
[Round "?"]
[White "Hossa"]
[Black "CerealKiller"]
[Result "1-0"]
[WhiteElo "2586"]
[BlackElo "2014"]
[PlyCount "47"]
[EventDate "2001.??.??"]

1. e4 e5 2. Nf3 Nc6 3. Bb5 f5 4. d3 Nf6 5. exf5 Bc5 6. Be3 Qe7 7. Nc3 O-O 8.
O-O d5 9. Bxc5 Qxc5 10. Bxc6 bxc6 11. Re1 Bxf5 12. Nxe5 Rae8 13. d4 Qd6 14. Qd2
Bc8 15. Re2 c5 16. dxc5 Qxc5 17. Rd1 c6 18. Rde1 Ba6 19. Nd3 Rxe2 20. Qxe2 Qb6
21. Qe6+ Kh8 22. Qd6 Rd8 23. Qc5 Qc7 24. Re7 {CerealKiller resigns} 1-0

[Event "ICS rated blitz match"]
[Site "204.178.125.65"]
[Date "2001.01.31"]
[Round "?"]
[White "sekere"]
[Black "Hossa"]
[Result "0-1"]
[WhiteElo "2165"]
[BlackElo "2587"]
[PlyCount "62"]
[EventDate "2001.??.??"]

1. e4 e6 2. e5 d6 3. exd6 Bxd6 4. d4 Nf6 5. Nf3 O-O 6. Bc4 c5 7. O-O cxd4 8.
Qxd4 Nc6 9. Qh4 e5 10. Nc3 Bf5 11. Bg5 Bxc2 12. Bxf6 Qxf6 13. Qxf6 gxf6 14.
Rac1 Bg6 15. Rfd1 Rfd8 16. Bd3 Bxd3 17. Rxd3 e4 18. Rxd6 Rxd6 19. Nxe4 Re6 20.
Ng3 Rd8 21. h4 Ne5 22. Ne1 Red6 23. Kf1 Rd2 24. Ne4 Rxb2 25. Nxf6+ Kg7 26. Nh5+
Kh6 27. Nf4 Rxa2 28. Rc5 Rdd2 29. Rxe5 Rxf2+ 30. Kg1 Rxf4 31. Nf3 Rg4 {
sekere resigns} 0-1

[Event "ICS rated blitz match"]
[Site "204.178.125.65"]
[Date "2001.01.31"]
[Round "?"]
[White "Viveiros"]
[Black "Hossa"]
[Result "0-1"]
[WhiteElo "2044"]
[BlackElo "2590"]
[PlyCount "43"]
[EventDate "2001.??.??"]

1. e4 e6 2. d4 d5 3. e5 Nc6 4. c3 f6 5. f4 fxe5 6. fxe5 Qh4+ 7. Kd2 Qf2+ 8. Qe2
Qxe2+ 9. Bxe2 Bd7 10. Nf3 O-O-O 11. Kc2 Be7 12. Be3 h5 13. Nbd2 Nh6 14. h3 Nf5
15. Bf2 Rdf8 16. b4 Nb8 17. Nb3 Ba4 18. Kb2 b6 19. Rhc1 Rf7 20. Bg1 g5 21. g4
Ng3 22. Bd3 {Viveiros resigns} 0-1

[Event "ICS rated blitz match"]
[Site "204.178.125.65"]
[Date "2001.01.31"]
[Round "?"]
[White "Hossa"]
[Black "Viveiros"]
[Result "1-0"]
[WhiteElo "2591"]
[BlackElo "2043"]
[PlyCount "41"]
[EventDate "2001.??.??"]

1. e4 c5 2. Nc3 Nc6 3. Nge2 e6 4. d4 cxd4 5. Nxd4 a6 6. Nxc6 bxc6 7. Bd3 d5 8.
O-O Nf6 9. Bf4 Bb4 10. e5 Nd7 11. Qg4 Bf8 12. Rfe1 Nc5 13. Bf1 a5 14. Bg5 Qb6
15. b3 h6 16. Bf4 Qb4 17. Qf3 Be7 18. Nb5 cxb5 19. c3 Qa3 20. Bc1 Ne4 21. Bxb5+
{Viveiros resigns} 1-0

[Event "ICS rated blitz match"]
[Site "204.178.125.65"]
[Date "2001.01.31"]
[Round "?"]
[White "Hossa"]
[Black "uncleez"]
[Result "1-0"]
[WhiteElo "2592"]
[BlackElo "1909"]
[PlyCount "33"]
[EventDate "2001.??.??"]

1. e4 c5 2. Nf3 d6 3. Bb5+ Bd7 4. Bxd7+ Qxd7 5. O-O Nc6 6. Nc3 g6 7. d4 cxd4 8.
Nxd4 Nf6 9. Nxc6 bxc6 10. Qd3 Bg7 11. f4 O-O 12. e5 dxe5 13. fxe5 Nd5 14. Bf4
e6 15. Rf2 c5 16. Rd1 Qc6 17. Nxd5 {uncleez resigns} 1-0

[Event "ICS rated blitz match"]
[Site "204.178.125.65"]
[Date "2001.01.31"]
[Round "?"]
[White "uncleez"]
[Black "Hossa"]
[Result "0-1"]
[WhiteElo "1908"]
[BlackElo "2593"]
[PlyCount "28"]
[EventDate "2001.??.??"]

1. d4 Nf6 2. e3 d5 3. Bd3 c5 4. c3 Nc6 5. f4 cxd4 6. exd4 Bg4 7. Nf3 Qd7 8.
Nbd2 e6 9. O-O Bd6 10. h3 Bh5 11. g4 Bg6 12. Ne5 Nxe5 13. fxe5 Bxd3 14. exf6
Bxf1 {uncleez resigns} 0-1

[Event "ICS rated blitz match"]
[Site "204.178.125.65"]
[Date "2001.01.31"]
[Round "?"]
[White "Hossa"]
[Black "uncleez"]
[Result "1-0"]
[WhiteElo "2594"]
[BlackElo "1907"]
[PlyCount "57"]
[EventDate "2001.??.??"]

1. e4 c5 2. Nf3 Nc6 3. Bb5 g6 4. O-O Bg7 5. c3 e5 6. d4 cxd4 7. Bg5 f6 8. Bc1
dxc3 9. Nxc3 Nge7 10. Qd6 O-O 11. Bc4+ Kh8 12. Bd2 b6 13. Bb5 Bb7 14. Be3 Nc8
15. Qd2 a6 16. Bc4 b5 17. Bd5 Na5 18. Rfd1 Bxd5 19. Qxd5 Nb6 20. Bxb6 Qxb6 21.
Qxd7 Nc4 22. b3 Na5 23. Nd5 Qd8 24. Qxd8 Rfxd8 25. Nc7 Rxd1+ 26. Rxd1 Rc8 27.
Nxa6 Kg8 28. g3 Nc6 29. Rc1 {uncleez resigns} 1-0